MARC details
| 000 -LEADER |
| fixed length control field |
03047cam a22005294a 4500 |
| 001 - CONTROL NUMBER |
| control field |
muse16405 |
| 003 - CONTROL NUMBER IDENTIFIER |
| control field |
MdBmJHUP |
| 005 - DATE AND TIME OF LATEST TRANSACTION |
| control field |
20210127150926.0 |
| 006 - FIXED-LENGTH DATA ELEMENTS--ADDITIONAL MATERIAL CHARACTERISTICS |
| fixed length control field |
m o d |
| 007 - PHYSICAL DESCRIPTION FIXED FIELD--GENERAL INFORMATION |
| fixed length control field |
cr||||||||nn|n |
| 008 - FIXED-LENGTH DATA ELEMENTS--GENERAL INFORMATION |
| fixed length control field |
060626s2006 utu o 00 0 eng d |
| 010 ## - LIBRARY OF CONGRESS CONTROL NUMBER |
| Canceled/invalid LC control number |
2006021243 |
| 020 ## - INTERNATIONAL STANDARD BOOK NUMBER |
| International Standard Book Number |
9780874215458 |
| 020 ## - INTERNATIONAL STANDARD BOOK NUMBER |
| Canceled/invalid ISBN |
0874216532 (pbk. : alk. paper) |
| 020 ## - INTERNATIONAL STANDARD BOOK NUMBER |
| Canceled/invalid ISBN |
9780874216530 |
| 035 ## - SYSTEM CONTROL NUMBER |
| System control number |
(OCoLC)71281689 |
| 040 ## - CATALOGING SOURCE |
| Original cataloging agency |
MdBmJHUP |
| Transcribing agency |
MdBmJHUP |
| 043 ## - GEOGRAPHIC AREA CODE |
| Geographic area code |
e-fi--- |
| -- |
n-us--- |
| 050 04 - LIBRARY OF CONGRESS CALL NUMBER |
| Classification number |
GR41.5 |
| Item number |
.W55 2006 |
| 082 0# - DEWEY DECIMAL CLASSIFICATION NUMBER |
| Classification number |
398.2094897 |
| Edition number |
22 |
| 100 1# - MAIN ENTRY--PERSONAL NAME |
| Personal name |
Wilson, William Albert, |
| Dates associated with a name |
1861-1951. |
| 245 14 - TITLE STATEMENT |
| Title |
Marrow of Human Experience, The |
| Remainder of title |
Essays on Folklore by William A. Wilson / |
| Statement of responsibility, etc. |
by William A. Wilson ; edited by Jill Terry Rudy with the assistance of Diane Call. |
| 264 #1 - PRODUCTION, PUBLICATION, DISTRIBUTION, MANUFACTURE, AND COPYRIGHT NOTICE |
| Name of producer, publisher, distributor, manufacturer |
Utah State University Press, |
| 264 #3 - PRODUCTION, PUBLICATION, DISTRIBUTION, MANUFACTURE, AND COPYRIGHT NOTICE |
| Name of producer, publisher, distributor, manufacturer |
Project MUSE, |
| 300 ## - PHYSICAL DESCRIPTION |
| Extent |
1 online resource (321 p.) |
| 504 ## - BIBLIOGRAPHY, ETC. NOTE |
| Bibliography, etc. note |
"William A. Wilson's published works": p. 293-297. |
| 504 ## - BIBLIOGRAPHY, ETC. NOTE |
| Bibliography, etc. note |
Includes bibliographical references (p. 299-310) and index. |
| 505 0# - FORMATTED CONTENTS NOTE |
| Formatted contents note |
Introduction -- The importance of folklore -- The deeper necessity : folklore and the humanities -- Building bridges : folklore in the academy -- Arts and cultural policy -- "Something there is that doesn't love a wall" -- The folk speak : everyday life in pioneer oral narratives -- Documenting folklore -- Folklore and national identity -- Herder, folklore, and romantic nationalism -- Sibelius, the Kalevala, and Karelianism -- Folklore, nationalism, and the challenge of the future -- Finns in a new world : a folkloristic perspective -- Folklore, religion, and who we are -- The concept of the west and other hindrances to the study of Mormon folklore -- The study of Mormon folklore : an uncertain mirror for truth -- On being human : the folklore of Mormon missionaries -- The seriousness of Mormon humor -- Freeways, parking lots, and ice cream stands : three nephites in contemporary Mormon culture -- "Teach me all that I must do" : the practice of Mormon religion -- Personal narratives : the family novel -- A daughter's biography of William A. Wilson, Denise Wilson Jamsa -- William A. Wilson's published works. |
| 506 0# - RESTRICTIONS ON ACCESS NOTE |
| Terms governing access |
Open Access |
| Standardized terminology for access restriction |
Unrestricted online access |
| Source of term |
star |
| 588 ## - SOURCE OF DESCRIPTION NOTE |
| Source of description note |
Description based on print version record. |
| 650 #0 - SUBJECT ADDED ENTRY--TOPICAL TERM |
| Topical term or geographic name entry element |
Mormons |
| General subdivision |
Folklore. |
| 650 #0 - SUBJECT ADDED ENTRY--TOPICAL TERM |
| Topical term or geographic name entry element |
Folklore |
| Geographic subdivision |
Finland. |
| 650 #0 - SUBJECT ADDED ENTRY--TOPICAL TERM |
| Topical term or geographic name entry element |
National characteristics. |
| 650 #0 - SUBJECT ADDED ENTRY--TOPICAL TERM |
| Topical term or geographic name entry element |
Folklore and nationalism. |
| 655 #7 - INDEX TERM--GENRE/FORM |
| Genre/form data or focus term |
Electronic books. |
| Source of term |
local |
| 700 1# - ADDED ENTRY--PERSONAL NAME |
| Personal name |
Call, Diane. |
| 700 1# - ADDED ENTRY--PERSONAL NAME |
| Personal name |
Rudy, Jill Terry, |
| Dates associated with a name |
1963- |
| 710 2# - ADDED ENTRY--CORPORATE NAME |
| Corporate name or jurisdiction name as entry element |
Project Muse. |
| Relator term |
distributor |
| 830 #0 - SERIES ADDED ENTRY--UNIFORM TITLE |
| Uniform title |
Book collections on Project MUSE. |
| 856 40 - ELECTRONIC LOCATION AND ACCESS |
| Public note |
Full text available: |
| Uniform Resource Identifier |
<a href="https://muse.jhu.edu/book/9290/">https://muse.jhu.edu/book/9290/</a> |
| 945 ## - LOCAL PROCESSING INFORMATION (OCLC) |
| a |
Project MUSE - Archive Global Cultural Studies Foundation |
| 945 ## - LOCAL PROCESSING INFORMATION (OCLC) |
| a |
Project MUSE - Archive Complete Foundation |